000 01006nam a22003137a 4500
003 CHAP
005 20220329135523.0
008 971013s1980 r 00010 d
010 _a37969
011 _a38941
035 _a43061
040 _cCHAP
082 _a595.701
_bM54
100 0 0 _aMiller, Thomas A.
_975806
245 _aNeurohormonal techniques in insects
260 _aNew York :
_bSpringer- Verlag,
_c1980
300 _a282 p.
_b: ilus. ; gráfs
490 _aSpringer series in experimental entomology
590 _aBATCH-UPD
_b10
_c20130110
_lUCH01
_h1851
590 _aBATCH-UPD
_b10
_c20130410
_lUCH01
_h1220
590 _aBATCH-UPD
_b10
_c20130914
_lUCH01
_h1622
590 _aCONVERSION
_b10
_c20130109
_lUCH01
_h1321
650 1 4 _aHormonas.
_956235
650 1 4 _aInsectos
_xAnatomía y fisiología.
_958891
830 0 _aSpringer series in experimental entomology
_9109287
901 _aBK
942 _cLIBRO
949 _a595.701 M54
_bBC
_cLIBRO
_d33724000370516
_eLIBRO
_h53919
_i43061
_si
999 _c37969
_d37969